000 00942nam a22001937a 4500
003 JO-AjAnu
005 20260418092500.0
008 260418b jo ||||| |||| 00| 0 ara d
040 _aANU
_cJO-AjAnu
041 _hARA
100 _aالبعول، كريستين فارس حسين
_eمعد
_966942
245 _aاثر الذكاء الاصطناعي على إجراءات التقاضي = The impact of Artificial Intelligence on Litigation Procedures
_c / كريستين فارس حسين البعول؛ اشراف محمد الفريحات
260 _aعجلون:
_bجامعة عجلون الوطنية؛
_c2026
300 _a103 ورقة
500 _aرسالة جامعية (رسالة ماجستير في القانون-كلية الحقوق) جامعة عجلون الوطنية؛ 2026
650 _vالذكاء الاصطناعي-قوانين
700 _aالفريحات، محمد
_eمشرف
_966943
942 _2lcc
_cTHS
_n0
999 _c34173
_d34173